| 000 | 00853nas a2200289 4500 | ||
|---|---|---|---|
| 001 | BR2013000605 | ||
| 003 | BR-BrBNA | ||
| 005 | 20231205121829.0 | ||
| 007 | ta | ||
| 008 | 230509b bl.|||p| |||| 00| 00por d | ||
| 040 |
_aBR-BrBNA _bpor _cBiblioteca Nacional de Agricultura |
||
| 041 | _a(Pt) | ||
| 072 | _aF62 | ||
| 100 | 1 | _aFagundes, J.D. | |
| 100 | 1 | _aStreck, N.A. | |
| 100 | 1 | _aStork, L. | |
| 100 | 1 | _aReiniger, L.R.S | |
| 245 | 1 | _aTemperatura-base e soma térmica de subperíodos do desenvolvimento de Aspilia montevidensis | |
| 650 | _aMARGARIDA DO CAMPO | ||
| 650 | _aASPILIA | ||
| 650 | _aERVA DANINHA | ||
| 650 | _aCRESCIMENTO | ||
| 650 | _aTEMPERATURA | ||
| 773 | 0 |
_tBragantia (Brazil) _xISSN 0006-8705 _g(Apr-Jun 2010), v. 69(2) p. 499-507 _wBR2013000605 |
|
| 909 |
_a202311 _bLúcia _c55 _dLúcia Elande |
||
| 942 |
_2AGRIS _n0 _cANA |
||
| 999 |
_c225465 _d225465 |
||